00836 2200181 4500001002100000005001500021035002000036245007400056100002100130250001700151300002900168260003100197082000800228084001400236020002200250650001500272520036700287INLIS00000000000000520240318084650 a0010-03240000051 aKeliling Dunia Bersama Pangeran dan Putri Kreatif /cDurroh Fuadin K.0 aDurroh Fuadin K. acetakan ke-1 a112 hlm :bilus ;c24 cm aSolo :bTiga Ananda,c2017 a813 a813 DUR k a978-602-366-281-4 4aFiksi Anak aYay! Libur telah tiba! Meski libur, para pangeran dan putri dari lima benua tidak bermalas-malasan, lho. Mereka punya segudang kegiatan seru. Yuk, ikut mereka berkeliling dunia. Jangan lupa lengkapi ranselmu dengan berbagai peralatan. Sebab, kamu akan menemukan berbagai kegiatan seru bersama pangeran dan putri kreatif dari lima benua. Selamat bersenang-senang!